00558nam a2200193 a 4500001001300000003000900013005001700022008004100039020002300080082002000103100001700123245005000140260005000190300000900240500003500249505004800284650001500332700001700347nice12345678IN_TiNIC20260116013107.0050524s1988 cama grp 000 0 eng  a052192X c10000a305.420956bHIJ aHijab, Nadia aWoman Power; the Arab Debate on Women at Work aCambridge bCambridge University Press c1988 a176p aincludes index and biblioraphy2 aTranslated from Urdu By M.A.R.Habib, Madras aWomen-Arab1 aHijab, Nadia